La investigación en biblioteconomía y documentación /
Kaydedildi:
| Yazar: | |
|---|---|
| Diğer Yazarlar: | |
| Materyal Türü: | Kitap |
| Dil: | İspanyolca |
| Baskı/Yayın Bilgisi: |
Gijón, España :
Trea,
2002, c2002
|
| Seri Bilgileri: | (Biblioteconomía y Administración Cultural ;
61) |
| Konular: | |
| Etiketler: |
Etiket eklenmemiş, İlk siz ekleyin!
|
MARC
| LEADER | 00000nam^a2200000^a^4500 | ||
|---|---|---|---|
| 001 | 000184675 | ||
| 005 | 20250521000000.0 | ||
| 009 | 20260310102123.42 | ||
| 020 | |a 84-9704-041-4 | ||
| 037 | |a Acervo ITESO - Biblioteca | ||
| 041 | |a ESP | ||
| 082 | |a 020. 7 |b LOP | ||
| 100 | |a Delgado López-Cózar, Emilio |e (autor) | ||
| 245 | 1 | 3 | |a La investigación en biblioteconomía y documentación / |c E. Delgado López-Cózar ; presen. de J. López Yepes. |
| 264 | 4 | |a Gijón, España : |b Trea, |c 2002, c2002 | |
| 300 | |a 254 p. | ||
| 336 | |a texto |b txt |2 rdacontenido | ||
| 337 | |a sin mediación |b n |2 rdamedio | ||
| 338 | |a volumen |b nc |2 rdasoporte | ||
| 440 | 1 | |a (Biblioteconomía y Administración Cultural ; |v 61) | |
| 649 | |a XX | ||
| 650 | |a Investigación - |x Difusión | ||
| 650 | |a Documentación - |x Metodología | ||
| 650 | |a Documentación - |x Investigación - |x Tema Principal | ||
| 650 | |a Biblioteconomía - |x Metodología | ||
| 650 | |a Biblioteconomía - |x Investigación - |x Tema Principal | ||
| 700 | |a López Yepes, José |e (presentación) | ||
| 910 | |a Fondo General | ||
| 920 | |a Impresos - Libros | ||
| 930 | |a Obras de Referencia | ||
| 940 | |a Biblioteconomía | ||
| 905 | |a 102 | ||
| 901 | |a 0500125574 |b IT2 |c REF |u 20250521 | ||
| 902 | |a https://opac.biblio.iteso.mx/vufind/Record/000184675 | ||